| 000 | 00455nam a22001697a 4500 | ||
|---|---|---|---|
| 003 | BD-ChCU | ||
| 005 | 20251111121209.0 | ||
| 008 | 251111b bg ||||| |||| 00| 0 ben d | ||
| 040 | _cBD-ChCU | ||
| 082 | _aREF 546.3 SMM | ||
| 100 |
_aSmithelis, Colin J . _915961 |
||
| 245 |
_aMetals reference book ./ _cJ . Colin Smithelis |
||
| 260 |
_aMashington : _bButterworths , _c1962 |
||
| 300 | _aVol. 1& II | ||
| 650 | 0 |
_aMetals _915969 |
|
| 942 |
_2ddc _cBK _n0 |
||
| 999 |
_c109339 _d109339 |
||